The memoirs of a physician /

Bibliographic Details
Main Author: Veresaev, V. V. (Vikentiĭ Vikentʹevich), 1867-1945
Other Authors: Linden, Simeon (Translator), Pleasants, Henry, 1884-
Format: Book
Language:English
Published: New York : A.A. Knopf, 1916.
Subjects:

MARC

Tag First Indicator Second Indicator Subfields
LEADER 00000cam a2200000I 4500
001 in00001619085
005 20151023060936.0
008 760319s1916 nyu 000 0beng
010 |a  16014877  
035 |a (OCoLC)ocm02059798 
040 |a DLC  |c WEL  |d OCL  |d CHS  |d OCL  |d TXA  |d UtOrBLW 
041 1 |a eng  |h rus 
049 |a TXAM 
050 0 0 |a R534.S5  |b A3 
096 |a W 84 GR9 V492m 1916 
100 1 |a Veresaev, V. V.  |q (Vikentiĭ Vikentʹevich),  |d 1867-1945. 
245 1 4 |a The memoirs of a physician /  |c translated from the Russian of Vikenty Veressayev [pseudonym] by Simeon Linden; with an introduction and notes by Henry Pleasants, jr., M.D. 
264 1 |a New York :  |b A.A. Knopf,  |c 1916. 
300 |a xv, 1 unnumbered page, 1 β., 374 pages ;  |c 19 cm. 
336 |a text  |b txt  |2 rdacontent 
337 |a unmediated  |b n  |2 rdamedia 
338 |a volume  |b nc  |2 rdacarrier 
536 |a From the estate of Mozelle Rohmerts, April 2001. 
650 0 |a Medical ethics. 
650 0 |a Physicians. 
650 2 |a Medicine  |z Russia. 
650 2 |a Quality of Health Care. 
700 1 |a Linden, Simeon,  |e translator. 
700 1 |a Pleasants, Henry,  |d 1884- 
948 |a cataloged  |b h  |c 2001/7/18  |d c  |e jgreene  |f 5:01:44 pm 
994 |a E0  |b TXA 
999 |a MARS 
999 f f |s f50b1e7c-a3cb-3f99-b2d2-7855bdee71f7  |i 2d3a83f2-814b-317f-b84e-c964ea333938  |t 0 
952 f f |p ric  |a Texas A&M University  |b Rellis Campus  |c Joint Library Facility  |d Remote Storage  |t 0  |e R534.S5 A3  |h Library of Congress classification  |i unmediated -- volume  |m A14827844456 
998 f f |a R534.S5 A3  |t 0  |l Remote Storage